Home Print Resources E-Books E-Journals IIMT Lecture Series Library Membership Form Book Recommendation Form Campus Tour Take AdmissionAbout Us Contact Us

INVESTIGATIVE JOURNALISM (Record no. 9305)

000 -LEADER
fixed length control field 00338nam a2200145Ia 4500
003 - CONTROL NUMBER IDENTIFIER
control field OSt
005 - DATE AND TIME OF LATEST TRANSACTION
control field 20240102044817.0
008 - FIXED-LENGTH DATA ELEMENTS--GENERAL INFORMATION
fixed length control field 170524s9999 xx 000 0 und d
020 ## - INTERNATIONAL STANDARD BOOK NUMBER
International Standard Book Number 9788184110685
040 ## - CATALOGING SOURCE
Transcribing agency IIMT UNIVERSITY
100 ## - MAIN ENTRY--PERSONAL NAME
Personal name RAJSEKAR- T
245 #0 - TITLE STATEMENT
Title INVESTIGATIVE JOURNALISM
260 ## - PUBLICATION, DISTRIBUTION, ETC.
Name of publisher, distributor, etc. N DELHI SONALI
942 ## - ADDED ENTRY ELEMENTS (KOHA)
Source of classification or shelving scheme
Koha item type Text-Book- for 7 days
Holdings
Withdrawn status Lost status Source of classification or shelving scheme Damaged status Not for loan Home library Current library Date acquired Total Checkouts Barcode Date last seen Date last checked out Uniform Resource Identifier Price effective from Koha item type Full call number Total Renewals
          IIMT University Central Library Meerut IIMT University Central Library Meerut 05/31/2017 1 01-B-94364 09/25/2017 09/16/2017 Journalism and Mass Communication 05/31/2017 Book Bank    
          IIMT University Central Library Meerut IIMT University Central Library Meerut 05/31/2017 1 01-B-94365 09/11/2017 09/08/2017 Journalism and Mass Communication 05/31/2017 Reference Book R  
          IIMT University Central Library Meerut IIMT University Central Library Meerut 05/31/2017   01-B-94366 05/31/2017   Journalism and Mass Communication 05/31/2017 Book Bank    
          IIMT University Central Library Meerut IIMT University Central Library Meerut 05/31/2017 1 01-B-94367 06/12/2018 05/04/2018 Journalism and Mass Communication 05/31/2017 Book Bank   2
IIMT, Central Library. All Rights Reserved IIMT,UNIVERSITY © 2023
Implemented and Customised by I CLOUDE EMS
You Are OPAC Visitor No
free web counter

Powered by Koha